000 00668nam a2200193Ia 4500
003 GCL
008 140319s9999 xx 000 0 ara d
040 _aGCL /
_cGCL
082 0 4 _a374.28
_bا ب
100 1 _aابراهيم محمد ابراهيم
245 1 0 _aحركة تعليم الكبار فى مصر من الجامعة الشعبية الى الثقافة الجماهيرية /
_cابراهيم محمد ابراهيم
300 _a96 ص
490 _a
650 0 4 _aتعليم الكبار
650 0 4 _aالمؤسسات العامة
650 0 4 _aالمؤسسات الاجتماعية
650 0 4 _aالجامعة الشعبية
942 _2ddc
_cBK
999 _c40942
_d40942